| 000 | 00644nam a2200241Ia 4500 | ||
|---|---|---|---|
| 001 | 1407 | ||
| 003 | GE_BSU | ||
| 008 | 181216s||||||||xx |||||||||||||| ||und|| | ||
| 020 | _a506000842 | ||
| 040 | _cGE_BSU | ||
| 080 | _a58(075.8) | ||
| 100 | _aЯковлев,Г.П. Челомбитько,В.А. | ||
| 245 | _aБотаника | ||
| 245 | _bУч-к для студ. фармацевт. ин-тов | ||
| 245 | _cПод ред.И.В.Грушвицкого | ||
| 260 | _aМосква | ||
| 260 | _bВысшая школа | ||
| 260 | _c1990 | ||
| 300 | _a368стр. | ||
| 541 | _h12л. | ||
| 653 | _aБотаника | ||
| 942 | _cBK | ||
| 999 |
_c35546 _d35546 |
||